000 00410nam a2200157Ia 4500
003 GCL
008 140319s9999 xx 000 0 eng d
040 _aGCL /
_cGCL
082 0 4 _a684.08
_bL T
100 1 _aLOVEDAY, GEORGE
245 1 0 _aTHE THEORY AND PRACTICE OF WOODWORK /
_cLOVEDAY, GEORGE
260 _a[S.N] :
_bLONGMAN GROUP ،
_c1992
650 0 4 _aHANDCRAFT
650 0 4 _aWOOD WORK
942 _2ddc
_cBK
999 _c21462
_d21462